00367 a2200121 4500001001000000005001700010008004100027245004900068100002300117700002100140773006700161999001700228ART_1268920260410161908.0260409a 10aU.S. and Japanese economic growth, 1952-19741 aJorgenson, Dale W.1 aNishimizu, Mieko0 tThe Economic Journalg- Vol. 88, NÂș 352 (dic. 1978)wREV12512 c26582d26582